Vista normal
Vista MARC
- Aristizábal Montoya, Santiago
Entrada Autor personal
Número de registros utilizados en: 1
001 - NUMERO DE CONTROL
- Campo de control: 781
003 - IDENTIFICADOR DE NUMERO DE CONTROL
- Campo de control: CO-MdFUSB
005 - HORA Y FECHA DE LA ULTIMA TRANSACCIÓN
- Campo de control: 20170303162718.0
008 - CAMPO DE LONGITUD FIJA
- Campo fijo de descripción fija: 170303|| aca||aabn | a|a d
040 ## - AGENCIA DE CATALOGACIÓN ORIGINAL
- Lenguaje de catalogación: spa
- Agencia que hace la transcripción: CO-MdFUSB
100 ## - AUTOR PERSONAL
- Autor personal: Aristizábal Montoya, Santiago
670 ## - FUENTE EN LA QUE SE LOCALIZARON DATOS
- Fuente: Revelación, teología, vida cristiana, 2015
- Fuente de información: t.p. (Gustavo Adolfo Ramírez García)
